000 00630cam a22002293a 4500
001 263
003 PGUSA
005 20140828082946.0
008 950501s1995||||xxu|||||s|||||000 p eng d
040 _aPGUSA
_beng
042 _adc
050 4 _aPS
100 1 _aKilmer, Joyce,
_d1886-1918
245 1 0 _aTrees, and Other Poems
_h[electronic resource] /
_cJoyce Kilmer
260 _bProject Gutenberg,
_c1995
506 _aPublic domain in the USA.
516 _aElectronic text
653 _aPoetry, Modern -- 20th century
830 0 _aProject Gutenberg
_v263
856 4 0 _uhttp://www.gutenberg.org/ebooks/263
942 _cEB
999 _c229616
_d229616